| 000 | 00961nam a2200265 a 4500 | ||
|---|---|---|---|
| 005 | 20200104041512.0 | ||
| 008 | 140221s1994 gw abo gr|||| 000 0 spa d | ||
| 040 |
_aCO-BoIAVH _cCO-BoIAVH |
||
| 041 | 0 | _aspa | |
| 044 | _agx | ||
| 082 | 4 |
_a599.7692 _bL79l |
|
| 100 | 1 | _aStaib, Elke | |
| 245 | 1 | 0 | _aLobo del río ... un gigante bajo presión gigantesca |
| 260 |
_aFrankfurt: _bZoologische Gesellschaft Frankfur, _bWildbiologische Gesellschaft München, _c1994. |
||
| 300 |
_a36 páginas : _bIlustraciones (algunas a color), mapas (algunos a color), fotografías a color ; _c27 x 21 cm. |
||
| 504 | _aIncluye referencias bibliográficas: página 35. | ||
| 650 | 1 | 6 | _aFauna |
| 650 | 2 | 6 | _aInvestigación científica |
| 650 | 1 | 6 | _aConservación de biodiversidad |
| 650 | 2 | 6 | _aEspecies amenazadas |
| 650 | 2 | 6 | _aBosque húmedo tropical |
| 650 | 1 | 6 | _aNutria |
| 700 | 1 | _aSchenck, Christof | |
| 942 |
_cLIBRO _2ddc |
||
| 999 |
_c541 _d541 |
||